| 000 | 02121nam0a2200313 i 4500 | ||
|---|---|---|---|
| 001 | RU\NLR\BIBL_A\011215129 | ||
| 005 | 20241103080920.0 | ||
| 010 |
_a9785955207230 _9250 |
||
| 021 |
_aRU _b2016-66925 _94288 |
||
| 035 | _a(NLR Aleph) 011215129 | ||
| 090 |
_a11992634 _c11992634 |
||
| 100 | _a20160919d2016 u y0rusy50 ca | ||
| 101 | 0 | _arus | |
| 102 | _aRU | ||
| 105 | _aa z 001yy | ||
| 200 | 1 |
_aОсобенности противодействия распространению новых синтетических наркотических средств и психоактивных веществ _eучебно-практическое пособие _fМВД России, Гл. упр. уголов. розыска, Федер. гос. казён. учреждение доп. проф. образования "Всерос. ин-т повышения квалификации сотрудников М-ва внутр. дел Рос. Федерации _g[сост.: Е. Н. Дурыгина, преп.] |
|
| 210 |
_aДомодедово _cВИПК МВД России _d2016 |
||
| 215 |
_a111 с. _cил. _d21 |
||
| 320 | _aБиблиогр. : с. 66-68 (35 назв.) и в подстроч. примеч. | ||
| 606 | 1 |
_aНаркотические средства _jУчебные издания _xНезаконный оборот _xБорьба с ним _yРоссийская Федерация _92167071 _3RU\NLR\AUTH\661303822 |
|
| 606 | 1 |
_aПсихотропные средства _jУчебные издания _xНезаконный оборот _xБорьба с ним _yРоссийская Федерация _92214855 _3RU\NLR\AUTH\661330316 |
|
| 686 | 1 | _aХ628.322.203.0я7 | |
| 702 | 1 |
_aДурыгина _bЕ. Н. _gЕлена Николаевна _4220 |
|
| 712 | 0 | 2 |
_4475 _aВсероссийский институт повышения квалификации сотрудников МВД России _cДомодедово _9827570 _3RU\NLR\AUTH\880580958 |
| 942 | _cBOOK | ||
| 980 | _aNBR | ||